<?xml version="1.0" encoding="UTF-8"?>
<collection xmlns:xsi="http://www.w3.org/2001/XMLSchema-instance" xsi:schemaLocation="http://www.loc.gov/MARC21/slim http://www.loc.gov/standards/marcxml/schema/MARC21slim.xsd" xmlns="http://www.loc.gov/MARC21/slim">
 <record>
  <leader>00000cam a22000004i 4500</leader>
  <controlfield tag="001">UP-99796217613097454</controlfield>
  <controlfield tag="003">Buklod</controlfield>
  <controlfield tag="005">20190923095504.0</controlfield>
  <controlfield tag="006">a     r    |||| u|</controlfield>
  <controlfield tag="007">ta</controlfield>
  <controlfield tag="008">190923s2016    xx     d     r    |||| u|</controlfield>
  <datafield tag="020" ind1=" " ind2=" ">
   <subfield code="a">9781783484874 (paperback : alkaline paper)</subfield>
  </datafield>
  <datafield tag="035" ind1=" " ind2=" ">
   <subfield code="a">(iLib)UPD-00413166736</subfield>
  </datafield>
  <datafield tag="037" ind1=" " ind2=" ">
   <subfield code="a">SS-12014</subfield>
   <subfield code="b">ABS</subfield>
   <subfield code="c">Php4,270.00</subfield>
   <subfield code="n">Anthropology</subfield>
  </datafield>
  <datafield tag="037" ind1=" " ind2=" ">
   <subfield code="a">CAL-13713</subfield>
   <subfield code="b">Megatext</subfield>
   <subfield code="c">Php4,266.00</subfield>
   <subfield code="n">DAS</subfield>
  </datafield>
  <datafield tag="040" ind1=" " ind2=" ">
   <subfield code="a">DLC</subfield>
   <subfield code="d">DMLS</subfield>
   <subfield code="e">rda</subfield>
  </datafield>
  <datafield tag="041" ind1=" " ind2=" ">
   <subfield code="a">eng</subfield>
  </datafield>
  <datafield tag="042" ind1=" " ind2=" ">
   <subfield code="a">DMLUC</subfield>
  </datafield>
  <datafield tag="090" ind1=" " ind2=" ">
   <subfield code="a">NX 294</subfield>
   <subfield code="b">A78 2016</subfield>
  </datafield>
  <datafield tag="245" ind1="0" ind2="0">
   <subfield code="a">Arts, pedagogy and cultural resistance</subfield>
   <subfield code="b">new materialisms</subfield>
   <subfield code="c">edited by Anna Hickey-Moody and Tara Page.</subfield>
  </datafield>
  <datafield tag="264" ind1=" " ind2="1">
   <subfield code="a">London ; New York</subfield>
   <subfield code="b">Rowman &amp; Littlefield International</subfield>
   <subfield code="c">[2016]</subfield>
  </datafield>
  <datafield tag="300" ind1=" " ind2=" ">
   <subfield code="a">ix, 227 pages</subfield>
   <subfield code="c">23 cm.</subfield>
  </datafield>
  <datafield tag="336" ind1=" " ind2=" ">
   <subfield code="a">text</subfield>
   <subfield code="2">rdacontent</subfield>
  </datafield>
  <datafield tag="337" ind1=" " ind2=" ">
   <subfield code="a">unmediated</subfield>
   <subfield code="2">rdamedia</subfield>
  </datafield>
  <datafield tag="338" ind1=" " ind2=" ">
   <subfield code="a">volume</subfield>
   <subfield code="2">rdacarrier</subfield>
  </datafield>
  <datafield tag="504" ind1=" " ind2=" ">
   <subfield code="a">Includes bibliographical references and index.</subfield>
  </datafield>
  <datafield tag="505" ind1="0" ind2=" ">
   <subfield code="a">Experimental philosophy and experimental pedagogy. A single vision / Aislinn O'Donnell -- Probeheads of resistance and the heterotopic mirror : Tiffany Chung and Dinh Q. Lê's stratigraphic cartographies / Colin Gardner -- The practice of Dorothy Heathcote as a pedagogy of resistance / Amanda Kipling and Anna Hickey-Moody -- Art, resistance and demonic pedagogy : from parasite capitalism to excommunication / Charlie Blake and Jennie Stearns -- A pedagogy of possibilities : drama as reading practice / Maggie Pitfield -- &quot;Let me change it into my own style&quot; : cultural domination and material acts of resistance within an inner city dance class / Camilla Stanger -- From art appreciation to pedagogies of dissent : critical pedagogy and equality in the gallery / Esther Sayers -- Ethnocinema and video-as-resistance / Anne Harris -- Manifesto : the rhizomatics of practice as research / Anna Hickey-Moody.</subfield>
  </datafield>
  <datafield tag="650" ind1=" " ind2="0">
   <subfield code="a">Arts</subfield>
   <subfield code="x">Study and teaching</subfield>
   <subfield code="x">Social aspects.</subfield>
  </datafield>
  <datafield tag="700" ind1="1" ind2=" ">
   <subfield code="a">Hickey-Moody, Anna</subfield>
   <subfield code="d">1977-</subfield>
   <subfield code="e">editor.</subfield>
  </datafield>
  <datafield tag="700" ind1="1" ind2=" ">
   <subfield code="a">Page, Tara</subfield>
   <subfield code="d">1971-</subfield>
   <subfield code="e">editor.</subfield>
  </datafield>
  <datafield tag="905" ind1=" " ind2=" ">
   <subfield code="a">FO</subfield>
  </datafield>
  <datafield tag="852" ind1="0" ind2=" ">
   <subfield code="a">UPD</subfield>
   <subfield code="b">DCAL</subfield>
   <subfield code="h">NX 294</subfield>
   <subfield code="i">A78 2016</subfield>
  </datafield>
  <datafield tag="852" ind1="0" ind2=" ">
   <subfield code="a">UPD</subfield>
   <subfield code="b">DMLS</subfield>
   <subfield code="h">NX 294</subfield>
   <subfield code="i">A78 2016</subfield>
  </datafield>
  <datafield tag="942" ind1=" " ind2=" ">
   <subfield code="a">Book</subfield>
  </datafield>
 </record>
</collection>
